Scott Foresman - Addison Wesley mathematics : (Record no. 2399)
[ view plain ]
| 000 -LEADER | |
|---|---|
| fixed length control field | 00510nam a2200181 4500 |
| 003 - CONTROL NUMBER IDENTIFIER | |
| control field | OSt |
| 005 - DATE AND TIME OF LATEST TRANSACTION | |
| control field | 20201106092603.0 |
| 008 - FIXED-LENGTH DATA ELEMENTS--GENERAL INFORMATION | |
| fixed length control field | 201106b ||||| |||| 00| 0 eng d |
| 020 ## - INTERNATIONAL STANDARD BOOK NUMBER | |
| International Standard Book Number | 032804962x |
| 020 ## - INTERNATIONAL STANDARD BOOK NUMBER | |
| International Standard Book Number | 9780328049622 |
| 040 ## - CATALOGING SOURCE | |
| Original cataloging agency | KABLIB |
| Transcribing agency | KABLIB |
| Modifying agency | KABLIB |
| 082 ## - DEWEY DECIMAL CLASSIFICATION NUMBER | |
| Edition number | 23 |
| Classification number | 510 |
| Item number | GOM |
| 100 ## - MAIN ENTRY--PERSONAL NAME | |
| Personal name | Gomez, Amy. |
| 9 (RLIN) | 6538 |
| 245 ## - TITLE STATEMENT | |
| Title | Scott Foresman - Addison Wesley mathematics : |
| Remainder of title | [Grade 4] / |
| Statement of responsibility, etc. | Amy Gomez. |
| 260 ## - PUBLICATION, DISTRIBUTION, ETC. | |
| Place of publication, distribution, etc. | New jersey : |
| Name of publisher, distributor, etc. | Pearson/Scott Foresman, |
| 300 ## - PHYSICAL DESCRIPTION | |
| Extent | 161 p. ; |
| Dimensions | 28 cm. |
| 942 ## - ADDED ENTRY ELEMENTS (KOHA) | |
| Source of classification or shelving scheme | Dewey Decimal Classification |
| Koha item type | Book |
| Withdrawn status | Lost status | Source of classification or shelving scheme | Damaged status | Not for loan | Home library | Current library | Shelving location | Date acquired | Total Checkouts | Full call number | Barcode | Date last seen | Price effective from | Koha item type |
|---|---|---|---|---|---|---|---|---|---|---|---|---|---|---|
| Dewey Decimal Classification | Education Library | Education Library | Reserve Section | 06.11.2020 | 510 GOM | 2625 | 06.11.2020 | 06.11.2020 | Book |